| 000 | 00779nam a22002057a 4500 | ||
|---|---|---|---|
| 999 |
_c15673 _d15673 |
||
| 003 | AR-CdUCM | ||
| 008 | 190328b ||||| |||| 00| 0 spa d | ||
| 040 |
_aMUNICIPALIDAD PROVINCIAL DEL CUSCO _cBIBLIOTECA MUNICIPAL DEL CUSCO |
||
| 082 |
_a848.9 / _bR74 / 1929 |
||
| 100 |
_aRolland, Roman _926186 |
||
| 245 |
_aEl evangelio universal : _bEnsayo acerca de la mística y la acción de la india viviente / |
||
| 260 |
_aBuenos Aires : _bKier, _c1929. |
||
| 300 |
_a246 páginas ; _c20 cm. |
||
| 505 | _aContenido : Maya y la marcha hacia la libertad -- Los caminos principales. Los cuatro yogas -- La ciencia religión universal ... | ||
| 650 |
_aLiteratura _9416 |
||
| 650 |
_aEspañola _924066 |
||
| 650 |
_aSiglo XX _98 |
||
| 942 |
_2ddc _cLIBROS |
||
| 945 |
_arah _d29/04/2019 |
||